| 000 | 00591cam4a220019300 4500 | ||
|---|---|---|---|
| 001 | tmp15733264 | ||
| 003 | UPRA | ||
| 005 | 20190814131602.0 | ||
| 008 | 951016s1980 ja eng u | ||
| 020 | _a0896400360 | ||
| 035 | _a(Sirsi) r24027 | ||
| 050 | _aRC 687 OKA 1980 | ||
| 100 | 1 | _aOkamoto, N. | |
| 245 | 1 | 0 |
_aCongenital anomalies of the heart: _bembryologic, morphologic and experimental teratology/ _cbyNaomasa Okamoto |
| 260 |
_aTokyo: _bIgaku-Shoin, _c[1980] |
||
| 504 | _aIncludes bibliographical references. | ||
| 650 | 0 | _aCardiology | |
| 650 | 0 | _aCongenital heart disease | |
| 999 |
_c42985 _d42985 |
||